| 000 | 02402cam a22005294i 4500 | ||
|---|---|---|---|
| 003 | PE-LiUPU | ||
| 005 | 20251015094307.0 | ||
| 008 | 180309s1995 ne rb 001 0 eng d | ||
| 020 | _a9789004102033 | ||
| 035 | _a(Sirsi) a241511 | ||
| 040 |
_aPE-LiUPU _bspa _cPE-LiUPU _erda |
||
| 049 | _aPRUA | ||
| 082 | 0 | 4 |
_a230.09031 _bS83 _220 |
| 100 | 1 |
_aStrehle, Stephen, _eautor. |
|
| 245 | 1 | 4 |
_aThe Catholic roots of the Protestant Gospel : _bencounter between the Middle Ages and the Reformation / _cby Stephen Strehle. |
| 264 | 1 |
_aLeiden : _bBrill, _c1995. |
|
| 300 |
_ax, 146 páginas ; _c25 centimetros. |
||
| 336 |
_atext _2rdacontent |
||
| 337 |
_aunmediated _2rdamedia |
||
| 338 |
_avolume _2rdacarrier |
||
| 490 | 0 |
_aStudies in the history of Christian thought, _x0081-8607 ; _vv. 60 |
|
| 504 | _aBibliografía : páginas 131-139. | ||
| 504 | _aÍndices: páginas 134-139. | ||
| 505 | 0 | _aThe quest for certitude in Wittenberg -- The heritage of doubt -- The belief in certitude -- The Catholic background -- Anti-Catholic sentiment -- The gospel of Zurich and Geneva -- The cross alone -- The security of the believer -- Deducing salvation -- Federal conditions -- The imputation of righteousness -- The origin in Melanchthon -- The challenge of Osiander -- The position of Luther -- The work of the Son -- The death of Jesus Christ -- The acceptance of the divine will -- The power of the risen Lord -- The will of the Father -- The limitations of His will -- The freedom of His will -- The hiddenness of His will. | |
| 526 | _aSEG42 | ||
| 526 | _aSEG41 | ||
| 526 | _aSEG40 | ||
| 526 | _aSEG39 | ||
| 526 | _aP94 | ||
| 526 | _aP87 | ||
| 526 | _aP86 | ||
| 526 | _aP85 | ||
| 526 | _aP77 | ||
| 526 | _aP76 | ||
| 526 | _aP35 | ||
| 541 | _20180305; | ||
| 610 | 2 |
_aCatholic Church _xDoctrines _xHistory. |
|
| 650 | 0 | 4 |
_aProtestant churches _xDoctrines _xHistory _y16th century. |
| 650 | 0 | 4 |
_aIglesias protestantes _xDoctrinas _xHistoria _siglo XVI. |
| 650 | 0 | 4 | _aReformation. |
| 650 | 0 | 0 |
_aReforma _91623 |
| 910 |
_adbm _bjpc _cjpc _d20180309 |
||
| 942 |
_2ddc _cBOOK |
||
| 994 |
_aC0 _bPEPRU |
||
| 596 | _a1 | ||
| 999 |
_a230.09031 S83 _wDEWEY _c27138 _i78413 _d27138 _e2018-8-21 _f2021-11-9 _g4 _lCCODEBUL1 _mBUL _n1 _p129.00 _r0 _sY _tBOOK _u2018-3-9 _xTEOLOGIA _PP35 _0COMPRA _o.STAFF. Colección Teología |
||
| 980 |
_818226 _gJaime Vilcazán Jefe de Análisis Documental |
||